Протоколы заседаний XXII совещательного създа инженеров службы подвижного состава и тяги русских железных дорог, созванного в Киеве на 25 ноября 1900 г.

Detalles Bibliográficos
Summary:Текст в русской дореформенной орфографии
Idioma:ruso
Publicado: Санкт-Петербург, Типография П. П. Сойкина, 1901
Subjects:
Formato: MixedMaterials Libro
KOHA link:https://koha.lib.tpu.ru/cgi-bin/koha/opac-detail.pl?biblionumber=325315

MARC

LEADER 00000nam0a2200000 4500
001 325315
005 20231102003742.0
035 |a (RuTPU)RU\TPU\book\350929 
090 |a 325315 
100 |a 20161202d1900 m y0rusy50 ca 
101 0 |a rus 
102 |a RU 
105 |a af z 000zy 
200 1 |a Протоколы заседаний XXII совещательного създа инженеров службы подвижного состава и тяги русских железных дорог, созванного в Киеве на 25 ноября 1900 г. 
210 |a Санкт-Петербург  |c Типография П. П. Сойкина  |d 1901 
215 |a 288 с., [17] вкл. л.  |c черт. 
300 |a Текст в русской дореформенной орфографии 
316 |5 63413507: М-132854  |a Штамп-экслибрис И. Н. Бутакова, на корешке инициалы: "И. Н. Б." 
317 |5 63413507: М-132854  |a Поступила в НТБ в 1970 г. в составе книжного собрания профессора ТПИ И. Н. Бутакова 
606 1 |a Железные дороги  |x Эксплуатация  |2 stltpush  |3 (RuTPU)RU\TPU\subj\10443  |9 37515 
610 1 |a Россия 
610 1 |a съезды 
610 1 |a Киев 
610 1 |a доклады 
610 1 |a сообщения 
610 1 |a обсуждение 
610 1 |a владельческие знаки 
610 1 |a библиотека И. Н. Бутакова 
675 |a 656.21  |v 4 
801 1 |a RU  |b 63413507  |c 20161202 
801 2 |a RU  |b 63413507  |c 20190807  |g RCR 
942 |c BK